| 000 | 01009nam a2200301 a 4500 | ||
|---|---|---|---|
| 001 | 501 | ||
| 003 | BR-CuiBMT | ||
| 005 | 20231127030501.0 | ||
| 008 | 231108s2008 rjba 000 0 por d | ||
| 020 | _a9788535231076 | ||
| 040 |
_aBR-CuiBMT _cBR-CuiBMT |
||
| 080 |
_22007 _a34:336.2 |
||
| 090 |
_a34:336.2 _bB726d _c23. ed. |
||
| 100 | 1 | _aBorba, Cláudio | |
| 245 | 1 | 0 |
_aDireito tributário : _bteoria e questões / _cClaudio Borba. |
| 250 | _a23. ed., atual. | ||
| 260 |
_aRio de Janeiro : _bElsevier, _c2008. |
||
| 300 |
_a543 p. : _bil. ; _c22 cm |
||
| 490 | 1 | _aProvas e concursos | |
| 500 | _aInformação retirada da capa. atualizada até a EC nº 56/2007, pelo novo código civil e atualizações do código de processo civil e pela lei complementar nº 127/2007. | ||
| 504 | _aInclui bibliografia. | ||
| 650 | _aDireito tributário | ||
| 650 | _aCompetência tributária | ||
| 650 | _aCrédito tributário | ||
| 650 | _aIlícito fiscal | ||
| 830 | 0 | _aProvas e concursos | |
| 942 |
_2udc _cLV |
||
| 999 |
_c501 _d501 |
||